Surveying and Levelling (Record no. 5302)
[ view plain ]
| 000 -LEADER | |
|---|---|
| fixed length control field | 00300nam a2200133Ia 4500 |
| 008 - FIXED-LENGTH DATA ELEMENTS--GENERAL INFORMATION | |
| fixed length control field | 191201s2013 xx 000 0 und d |
| 100 ## - MAIN ENTRY--PERSONAL NAME | |
| Personal name | BASAK, N.N |
| 245 #0 - TITLE STATEMENT | |
| Title | Surveying and Levelling |
| 250 ## - EDITION STATEMENT | |
| Edition statement | Rep |
| 260 ## - PUBLICATION, DISTRIBUTION, ETC. (IMPRINT) | |
| Place of publication, distribution, etc | N. Delhi |
| Name of publisher, distributor, etc | TMH |
| Date of publication, distribution, etc | 2013 |
| 300 ## - PHYSICAL DESCRIPTION | |
| Extent | 549 |
| 650 ## - SUBJECT ADDED ENTRY--TOPICAL TERM | |
| Topical term or geographic name as entry element | B.Tech(CE) |
| 942 ## - ADDED ENTRY ELEMENTS (KOHA) | |
| Source of classification or shelving scheme | Dewey Decimal Classification |
| Koha item type | Text Books |
| Withdrawn status | Lost status | Source of classification or shelving scheme | Damaged status | Not for loan | Collection code | Home library | Current library | Date acquired | Source of acquisition | Cost, normal purchase price | Bill Number | Total Checkouts | Full call number | Acc. no. / Barcode | Date last seen | Bill Date | Koha item type |
|---|---|---|---|---|---|---|---|---|---|---|---|---|---|---|---|---|---|
| Dewey Decimal Classification | B.Tech(CE) | PIET C-LIBRARY | PIET C-LIBRARY | 06/07/2012 | IBH, New Delhi | 310.00 | 4873 | 526.9 BAS | 19680 | 04/12/2019 | 03/07/2012 | Text Books | |||||
| Dewey Decimal Classification | B.Tech(CE) | PIET C-LIBRARY | PIET C-LIBRARY | 06/07/2012 | IBH, New Delhi | 310.00 | 4873 | 526.9 BAS | 19681 | 04/12/2019 | 03/07/2012 | Text Books | |||||
| Dewey Decimal Classification | B.Tech(CE) | PIET C-LIBRARY | PIET C-LIBRARY | 06/07/2012 | IBH, New Delhi | 310.00 | 4873 | 526.9 BAS | 19682 | 04/12/2019 | 03/07/2012 | Text Books | |||||
| Dewey Decimal Classification | B.Tech(CE) | PIET C-LIBRARY | PIET C-LIBRARY | 06/07/2012 | IBH, New Delhi | 310.00 | 4873 | 526.9 BAS | 19683 | 04/12/2019 | 03/07/2012 | Text Books | |||||
| Dewey Decimal Classification | B.Tech(CE) | PIET C-LIBRARY | PIET C-LIBRARY | 06/07/2012 | IBH, New Delhi | 310.00 | 4873 | 526.9 BAS | 19684 | 04/12/2019 | 03/07/2012 | Text Books |